| 000 | 01012nam a2200229Ia 4500 | ||
|---|---|---|---|
| 003 | Ost | ||
| 005 | 20260507075015.0 | ||
| 008 | 260507s9999||||xx |||||||||||||| ||und|| | ||
| 020 | _a9751270977 | ||
| 040 | _cfsecg | ||
| 041 | _aara | ||
| 082 | _a370 | ||
| 100 |
_aالسيد، لمياء محمد احمد _eمؤلف |
||
| 245 | 0 |
_aالعولمة ورسالة الجامعة : _bرؤية مسقبلية / _c لمياء محمد احمد السيد |
|
| 260 |
_aمصر: _bالدار المصرية اللبنانية, _c2002 |
||
| 300 |
_a444 صفحة؛ _bإيضاحات ؛ _c24 سم |
||
| 520 | _aالعولمةوتجليات العالمية والمحلية-معالم تطور التعليم الجامعي في مصر بين الإقتصاد الموجه والحر1952-2001-الخيارات في تخطيط سياسات التعليم الجامعي | ||
| 653 | _aالتعليم الجامعي | ||
| 653 | _aالتعليم الجامعي - مصر | ||
| 653 | _aالعولمة | ||
| 942 | _cكتاب | ||
| 999 |
_c42196 _d42196 |
||